| 000 | 00376nam a2200109 4500 | ||
|---|---|---|---|
| 008 | 240910b |||||||| |||| 00| 0 eng d | ||
| 040 |
_aNational Science Library _cNational Science Library |
||
| 080 |
_aR528(038)=30=590 _bM0 |
||
| 245 | _aDictionar de geodezie fotogrammetrie teledetectie si cartografie german-roman | ||
| 260 |
_bEditura tehnica _aBucurresti |
||
| 942 |
_cREF _2udc |
||
| 999 |
_c66749 _d66749 |
||